Antología de Gibrán Jalil Gibrán

Salvato in:
Dettagli Bibliografici
Autore principale: Pérez, Floridor (Autore)
Natura: Libro
Lingua:spagnolo
Pubblicazione: Santiago Universitaria 1999
Edizione:3a. ed
Serie:Antología: Literatura
Soggetti:
Tags: Aggiungi Tag
Nessun Tag, puoi essere il primo ad aggiungerne!!

MARC

LEADER 00000nam a2200000 a 4500
001 UCH6779
003 CL-VaPUC
008 091109e19990000CL |||||||||||||||||spa|d
020 |a 9561115093 
082 0 4 |a 892.7  |b PER  |2 21 
100 0 |a Pérez, Floridor  |e author  |9 543380 
245 1 0 |a Antología de Gibrán Jalil Gibrán 
250 |a 3a. ed 
300 |a 85 p 
942 |c BK 
945 |d 20091109 00:00:00  |a ccalabra 
260 |a Santiago  |b Universitaria  |c 1999 
650 0 |a Literatura  |9 259151 
650 7 |a LITERATURA ARABE  |2 CL-VaPUC  |9 323185 
650 0 |a Escritores  |9 313723 
650 0 |a Narrativa  |9 336727 
650 7 |a PROSA  |2 CL-VaPUC  |9 306692 
650 0 |a Antología poética  |9 504960 
583 |a last modification  |c 20091109 00:00:00  |k Rodrigo Vera 
490 0 |a Antología: Literatura 
999 |c 337605  |d 337603